Les surnoms des clubs de football #1 - Statistiques

Statistiques générales
  • Ce quiz a été pris 196 fois
  • Le résultat moyen est 5 sur 10
Statistiques - réponses
Hint Réponse % Correct
Manchester United The Red Devils
91%
FC Nantes Les Canaris
67%
Real Madrid Los Merengues
64%
West Ham The Hammers
59%
Manchester City The Citizens
58%
Olympique Lyonnais Les Gones
56%
AC Milan Les Rossoneri
45%
FC Barcelone Blaugranas
44%
Olympique de Marseille Les Phocéens
36%
Real Betis Los Verdiblancos
6%
Aucun quiz correspondant
Distribution des résultats
% des personnes avec chaque résultat
Percentile par nombre de réponses
Votre historique - résultats
Vous n’avez pas pris ce quiz